000 00614nam a2200229Ia 4500
003 OSt
005 20221007071046.0
006 a|||||r|||| 00| 0
007 ta
008 221006b |||||||| |||| 00| 0 eng d
024 _a43,271
037 _cTextual
040 _aFLL
_cFLL
_beng
041 _2eng
_aeng
082 _aZ2-3,2,16, Q4
100 _aMookerjee A.
245 0 _aThe law of perpetuities in British India
260 _aKolkata
_bUniversity of kolkata India
_c2014
300 _a316 xxv
_ccm.
942 _hZ2-3,2,16, Q4
_cTEXL
_2CC
999 _c1142321
_d1142321